<?xml version="1.0" encoding="UTF-8"?>
<marc:record xmlns:marc="http://www.loc.gov/MARC21/slim">
   <marc:leader>00000nam a2200000 a 4500</marc:leader>
   <marc:datafield ind1="1" ind2=" " tag="100">
      <marc:subfield code="a">Robinson, Barbara</marc:subfield>
      <marc:subfield code="4">aut</marc:subfield>
      <marc:subfield code="e">Verfasser/-in</marc:subfield>
   </marc:datafield>
   <marc:datafield ind1="0" ind2="0" tag="245">
      <marc:subfield code="a">Vorsicht, die Herdmanns schon wieder</marc:subfield>
   </marc:datafield>
   <marc:datafield ind1=" " ind2="1" tag="264">
      <marc:subfield code="b">Oetinger</marc:subfield>
      <marc:subfield code="c">2010</marc:subfield>
   </marc:datafield>
   <marc:datafield ind1="1" ind2=" " tag="520">
      <marc:subfield code="a">Eigentlich hat es sehr lange gedauert, bis der 3. Band über die "schlimmsten Kinder aller Zeiten" auch in deutscher Übersetzung verlegt wurde. In Vergessenheit geraten sind Eugenia &amp; Co. aber nicht, denn gerade die Weihnachtsgeschichte (bestimmt eine der besten in der Kinderliteratur!!!) gilt als Klassiker und auch die Bühnenfassung wurde häufig gespielt. Die 6 Herdmann - Kinder sind auf alle Klassen aufgeteilt, bleiben niemals sitzen, denn zwei von ihnen in einer Klasse wäre niemandem zuzumuten. Alle gemeinen Streiche gehen zu ihren Lasten, aber wenn jemand wirklich in Not gerät, dann ist es immer Eugenia Herdmann, die hilft - wehe, wenn jetzt jemand denkt, Eugenia hätte ein weiches Herz! Flüssig geschriebene, unterhaltsame, nachdenkliche Geschichte für Kinder ab 9 Jahren.</marc:subfield>
   </marc:datafield>
   <marc:datafield ind1=" " ind2=" " tag="020">
      <marc:subfield code="a">9783789146176</marc:subfield>
      <marc:subfield code="9">9783789146176</marc:subfield>
   </marc:datafield>
</marc:record>
